000 00451nam a2200145Ia 4500
008 151021s9999 xx 000 0 und d
020 _a789736063
050 _aHF 5548.4 .M5255 C37 2007
245 _a_Special Edition Using Microsoft Office Outlook 2007 (1st ed.) / Patricia DiGiacomo
260 _aNew York : Que, 2007
300 _a998 p.
500 _aIncludes index
650 _a_Microsoft Outlook
980 _a^d20110711 10:00:37^okilerai
999 _c7687
_d7687